000 01036nam a22002895i 4500
001 12013
003 ES-MaACL
005 20250818102741.0
007 t|
008 960506s1995 sp ||||0| spa j
020 _a84-8173-026-2
040 _aM-BN
_bspa
_cM-BN
080 _a929 Juan (460.18) II
080 _a946.018"1406/54"
100 1 _aPorras Arboledas, Pedro A.
_993146
245 1 0 _aJuan II, 1406-1454 /
_cPedro A. Porras Arboledas.
260 _aPalencia :
_bDiputación Provincial ;
_aBurgos :
_bLa Olmeda,
_c1995.
300 _a373 p., [16] p. de lám ;
_c22 cm.
490 1 _aCorona de España. I. Reyes de Castilla y León
504 _aBibliografía: p. 333-366.
600 1 4 _aJuan
_bII
_cRey de Castilla.
_967123
651 4 _aCastilla (Reino)-
_xHistoria-
_y1406-1454, Juan II
_97995
710 1 _aPalencia (Provincia).
_bDiputación Provincial.
_96107
830 0 0 _aCorona de España.
_pReyes de Castilla y León
_9179243
852 _aES-MaACL
_jL-19327
_bR.124712
999 _c12013
_d12013